000
00343nam a22001217a 4500
040
_c
SK
082
_a
636
100
_a
សួស ចំណាន
245
_a
Agriculture machinery management; ការគ្រប់គ្រងម៉ាស៊ីនកសិកម្ម
260
_a
RUA
_b
សួស
_c
2008
300
_a
57p.
942
_c
KB
999
_c
10095
_d
10095